Principles of Electronics (Record no. 36257)
[ view plain ]
| 000 -LEADER | |
|---|---|
| fixed length control field | 00406nam a22001697a 4500 |
| 003 - CONTROL NUMBER IDENTIFIER | |
| control field | OSt |
| 005 - DATE AND TIME OF LATEST TRANSACTION | |
| control field | 20251004112114.0 |
| 007 - PHYSICAL DESCRIPTION FIXED FIELD--GENERAL INFORMATION | |
| fixed length control field | 1014 pages |
| 008 - FIXED-LENGTH DATA ELEMENTS--GENERAL INFORMATION | |
| fixed length control field | 251004b |||||||| |||| 00| 0 eng d |
| 020 ## - INTERNATIONAL STANDARD BOOK NUMBER | |
| International Standard Book Number | 9789352838363 |
| 040 ## - CATALOGING SOURCE | |
| Transcribing agency | |
| 082 ## - DEWEY DECIMAL CLASSIFICATION NUMBER | |
| Edition number | 12 |
| Classification number | 621.3822 |
| Item number | MEH |
| 245 ## - TITLE STATEMENT | |
| Title | Principles of Electronics |
| Statement of responsibility, etc. | Mehta,V.K |
| 250 ## - EDITION STATEMENT | |
| Edition statement | 12 |
| 260 ## - PUBLICATION, DISTRIBUTION, ETC. | |
| Name of publisher, distributor, etc. | S.Chand |
| Date of publication, distribution, etc. | 2025 |
| 942 ## - ADDED ENTRY ELEMENTS (KOHA) | |
| Source of classification or shelving scheme | Dewey Decimal Classification |
| Koha item type | BOOK |
| Edition | 12 |
| Call number prefix | 621.3822 |
| Call number suffix | MEH |
| Suppress in OPAC | No |
| Withdrawn status | Lost status | Source of classification or shelving scheme | Damaged status | Not for loan | Collection | Home library | Current library | Date acquired | Cost, normal purchase price | Inventory number | Total Checkouts | Full call number | Barcode | Date last seen | Price effective from | Koha item type |
|---|---|---|---|---|---|---|---|---|---|---|---|---|---|---|---|---|
| Dewey Decimal Classification | Electronics and Computer Science(ECS) | Fr. Agnel's C.Rodrigues College of Engineering | Fr. Agnel's C.Rodrigues College of Engineering | 04/10/2025 | 825.00 | AO/25/09/487 dt 26.09.2025 | 621.3822/MEH | 26889 | 13/05/2026 | 04/10/2025 | BOOK | |||||
| Dewey Decimal Classification | Electronics and Computer Science(ECS) | Fr. Agnel's C.Rodrigues College of Engineering | Fr. Agnel's C.Rodrigues College of Engineering | 04/10/2025 | 825.00 | AO/25/09/487 dt 26.09.2025 | 621.3822/MEH | 26890 | 04/10/2025 | 04/10/2025 | BOOK | |||||
| Dewey Decimal Classification | Electronics and Computer Science(ECS) | Fr. Agnel's C.Rodrigues College of Engineering | Fr. Agnel's C.Rodrigues College of Engineering | 04/10/2025 | 825.00 | AO/25/09/487 dt 26.09.2025 | 621.3822/MEH | 26891 | 04/10/2025 | 04/10/2025 | BOOK | |||||
| Dewey Decimal Classification | Electronics and Computer Science(ECS) | Fr. Agnel's C.Rodrigues College of Engineering | Fr. Agnel's C.Rodrigues College of Engineering | 04/10/2025 | 825.00 | AO/25/09/487 dt 26.09.2025 | 621.3822/MEH | 26892 | 04/10/2025 | 04/10/2025 | BOOK | |||||
| Dewey Decimal Classification | Electronics and Computer Science(ECS) | Fr. Agnel's C.Rodrigues College of Engineering | Fr. Agnel's C.Rodrigues College of Engineering | 04/10/2025 | 825.00 | AO/25/09/487 dt 26.09.2025 | 621.3822/MEH | 26893 | 04/10/2025 | 04/10/2025 | BOOK |